000 01091nam a22003257a 4500
003 CHAP
005 20220329140932.0
008 971013s1995 r 00010 d
010 _a60042
011 _a61014
035 _a65178
040 _cCHAP
090 _aTesis
100 0 0 _aCarrizales Santillana, José Antonio.
_919573
245 _aProblemas en el establecimiento de las praderas sembradas con Zacate Buffel (Cenchrus ciliaris L.)
260 _aMarín, N.L. :
_bEl autor,
_c1995
300 _a17 h.
502 _aTesis (Ing. Agr. Zootecnista) -- Universidad Autónoma de Nuevo León. Facultad de Agronomía
590 _aALEPH
_b10
_c20130110
_lUCH01
_h1339
590 _aBATCH-UPD
_b10
_c20130110
_lUCH01
_h0448
590 _aBATCH-UPD
_b10
_c20130410
_lUCH01
_h0125
590 _aBATCH-UPD
_b10
_c20130914
_lUCH01
_h0853
590 _aCONVERSION
_b10
_c20130109
_lUCH01
_h1332
650 1 4 _aPastos forrajeros.
_986094
650 1 4 _aPraderas.
_991230
650 1 4 _aZacate Buffel.
_9123395
901 _aBK
942 _cTESIS
949 _bBC
_cTES
_d-144418
_eTS1
_h28284
_i65178
_si
999 _c60042
_d60042